[Event "Plovdiv BUL, 34th Tringov Mem"]
[Site "Plovdiv BUL"]
[Date "2012.02.04"]
[Round "8.3"]
[White "Benidze, Davit"]
[Black "Nikolov, Momchil"]
[Result "1/2-1/2"]
[WhiteElo "2516"]
[BlackElo "2560"]
[PlyCount "35"]
[EventDate "2012.01.29"]
[EventType "swiss"]
[EventRounds "9"]
[EventCountry "BUL"]

1. Nf3 Nf6 2. c4 e6 3. g3 b6 4. Bg2 Bb7 5. O-O Be7 6. Nc3 O-O 7. Re1 Ne4 8.
Nxe4 Bxe4 9. d3 Bb7 10. e4 c5 11. d4 cxd4 12. Nxd4 Nc6 13. Be3 Nxd4 14. Bxd4
Qc7 15. Rc1 Rac8 16. b3 Bc6 17. e5 Qb7 18. Bxc6 1/2-1/2

[Event "Plovdiv BUL, 34th Tringov Mem"]
[Site "Plovdiv BUL"]
[Date "2012.02.04"]
[Round "8.4"]
[White "Enchev, Ivajlo"]
[Black "Cheparinov, Ivan"]
[Result "0-1"]
[WhiteElo "2430"]
[BlackElo "2659"]
[PlyCount "112"]
[EventDate "2012.01.29"]
[EventType "swiss"]
[EventRounds "9"]
[EventCountry "BUL"]

1. d4 Nf6 2. c4 g6 3. Nc3 Bg7 4. e4 d6 5. Nf3 O-O 6. Be2 Na6 7. O-O e5 8. Re1
Qe8 9. dxe5 dxe5 10. h3 c6 11. Be3 Qe7 12. Qc2 Nh5 13. Rad1 Nc5 14. b4 Ne6 15.
b5 Nhf4 16. Bf1 Qf6 17. Nh2 Nd4 18. Qc1 h5 19. Bxf4 Qxf4 20. Qxf4 exf4 21. e5
Nc2 22. Re2 Na3 23. bxc6 bxc6 24. Nf3 Nxc4 25. Re4 Nb6 26. Rxf4 Bf5 27. Bd3 Be6
28. Rd4 Rfe8 29. Ba6 c5 30. Rd6 Bf8 31. R6d2 Be7 32. Ne4 Red8 33. Nd6 Rab8 34.
Rc1 Nd7 35. Ne4 Nf8 36. Rxd8 Rxd8 37. Bc4 Kg7 38. Nfg5 Bxc4 39. Rxc4 Rd1+ 40.
Kh2 Nd7 41. Ra4 Nxe5 42. Rxa7 Nd7 43. Nf3 Bf6 44. Rc7 Rd5 45. a4 Bd8 46. Rc8
Ba5 47. Rc6 Bb4 48. Rc7 Kf8 49. g3 Ke7 50. Rb7 Kd8 51. Nfg5 Kc8 52. Rb5 f5 53.
a5 fxe4 54. Nxe4 Nb8 55. Kg2 Kc7 56. Kf3 Nc6 0-1

[Event "Plovdiv BUL, 34th Tringov Mem"]
[Site "Plovdiv BUL"]
[Date "2012.02.04"]
[Round "8.5"]
[White "Petrov, Marijan"]
[Black "Bukal, Vladimir Jr"]
[Result "1-0"]
[WhiteElo "2521"]
[BlackElo "2434"]
[PlyCount "85"]
[EventDate "2012.01.29"]
[EventType "swiss"]
[EventRounds "9"]
[EventCountry "BUL"]

1. e4 e6 2. d4 d5 3. e5 c5 4. c3 Nc6 5. Nf3 Nh6 6. a3 f6 7. Bd3 Nf7 8. Qe2 c4
9. Bc2 fxe5 10. Nxe5 Ncxe5 11. dxe5 Qc7 12. f4 Bc5 13. Be3 Bxe3 14. Qxe3 g5 15.
O-O Qb6 16. Qxb6 axb6 17. Nd2 gxf4 18. Rae1 Ke7 19. Rxf4 Bd7 20. Nf3 Rag8 21.
Kf2 Be8 22. h4 h5 23. Nd4 Nd8 24. Re3 Rf8 25. g3 Nc6 26. Ref3 Bd7 27. Re3 Be8
28. Ne2 Nb8 29. Bd1 Nd7 30. Nd4 Bg6 31. Bf3 Nc5 32. Ke2 Nd3 33. Rf6 Bf7 34. b4
Ra8 35. Bxd5 Nxe5 36. Rf1 Ng4 37. Bxe6 Nxe3 38. Rxf7+ Kd6 39. Kxe3 Rhe8 40.
Rxb7 Rxa3 41. Rxb6+ Kc7 42. Rc6+ Kb7 43. Rxc4 1-0

[Event "Plovdiv BUL, 34th Tringov Mem"]
[Site "Plovdiv BUL"]
[Date "2012.02.04"]
[Round "8.6"]
[White "Marholev, Dimitar"]
[Black "Antic, Dejan"]
[Result "0-1"]
[WhiteElo "2370"]
[BlackElo "2504"]
[PlyCount "88"]
[EventDate "2012.01.29"]
[EventType "swiss"]
[EventRounds "9"]
[EventCountry "BUL"]

1. Nf3 Nf6 2. c4 g6 3. Nc3 Bg7 4. e4 d6 5. d4 O-O 6. h3 Na6 7. Bg5 Qe8 8. Bd3
e5 9. d5 Nh5 10. Qd2 f5 11. g4 fxg4 12. hxg4 Bxg4 13. Nh2 Bd7 14. O-O-O Nf4 15.
Be2 Nc5 16. Kb1 h6 17. Bh4 g5 18. Bg3 Qg6 19. f3 a5 20. Bf2 b6 21. Qc2 a4 22.
Bxc5 bxc5 23. Nb5 Rac8 24. Bd3 h5 25. Rdg1 Qf6 26. Bf1 Rf7 27. Qxa4 Bh6 28. Qc2
Rg7 29. Be2 Kf7 30. a4 Ke7 31. a5 Ra8 32. Nxc7 Rxa5 33. Bd1 Qf8 34. Qb3 Ra4 35.
Qb7 Rb4 36. Nb5 Rg8 37. b3 Qb8 38. Qxb8 Rxb8 39. Ng4 Bf8 40. Ne3 Bxb5 41. cxb5
Kf6 42. Rg3 R8xb5 43. Nf5 h4 44. Rg4 c4 0-1

[Event "Plovdiv BUL, 34th Tringov Mem"]
[Site "Plovdiv BUL"]
[Date "2012.02.04"]
[Round "8.7"]
[White "Pavlidis, Anastasios"]
[Black "Drenchev, Petar"]
[Result "0-1"]
[WhiteElo "2359"]
[BlackElo "2493"]
[PlyCount "94"]
[EventDate "2012.01.29"]
[EventType "swiss"]
[EventRounds "9"]
[EventCountry "BUL"]

1. d4 Nf6 2. c4 g6 3. Nc3 Bg7 4. e4 d6 5. Nf3 O-O 6. Be2 c5 7. O-O Nc6 8. d5
Na5 9. h3 e5 10. Bg5 h6 11. Be3 b6 12. a3 Kh7 13. Nd2 Bd7 14. Qc2 Qe7 15. g4
Ng8 16. Kg2 Kh8 17. Rh1 f5 18. f3 Bf6 19. b4 Nb7 20. Bd3 fxg4 21. hxg4 Bg5 22.
Bg1 Rf7 23. Be2 Nf6 24. Nf1 Rh7 25. Nd1 h5 26. Nf2 hxg4 27. Rxh7+ Kxh7 28. fxg4
Rf8 29. Bh2 Bh4 30. Bg3 Bxg3 31. Nxg3 Kg7 32. Rh1 Nh7 33. Qd2 Ng5 34. Nh3 Nxh3
35. Rxh3 Rf4 36. Qd1 Nd8 37. Qh1 Nf7 38. Rh7+ Kg8 39. bxc5 bxc5 40. Rh4 Qf6 41.
Rh3 Ng5 42. Rh2 Bxg4 43. Qb1 Rf2+ 44. Kg1 Rxh2 45. Qb8+ Kh7 46. Qc7+ Kh6 47.
Kxh2 Qf2+ 0-1

[Event "Plovdiv BUL, 34th Tringov Mem"]
[Site "Plovdiv BUL"]
[Date "2012.02.04"]
[Round "8.8"]
[White "Sofranov, Velizar"]
[Black "Grigorov, Grigor"]
[Result "1/2-1/2"]
[WhiteElo "2168"]
[BlackElo "2491"]
[PlyCount "50"]
[EventDate "2012.01.29"]
[EventType "swiss"]
[EventRounds "9"]
[EventCountry "BUL"]

1. Nf3 Nf6 2. c4 c5 3. g3 b6 4. Bg2 Bb7 5. O-O e6 6. b3 Be7 7. Bb2 O-O 8. e3 d6
9. Qe2 Nbd7 10. Nc3 a6 11. Rfd1 Re8 12. d3 Rb8 13. Ne1 Bxg2 14. Nxg2 b5 15. g4
Nf8 16. g5 N6d7 17. f4 Qc7 18. Qf2 Qc6 19. e4 Nb6 20. Ne3 f6 21. h4 fxg5 22.
hxg5 Ng6 23. Qg3 b4 24. Ne2 Bf8 25. Rf1 Rb7 1/2-1/2

[Event "Plovdiv BUL, 34th Tringov Mem"]
[Site "Plovdiv BUL"]
[Date "2012.02.04"]
[Round "8.9"]
[White "Stanojoski, Zvonko"]
[Black "Dimitrov, Radoslav"]
[Result "1-0"]
[WhiteElo "2455"]
[BlackElo "2437"]
[PlyCount "107"]
[EventDate "2012.01.29"]
[EventType "swiss"]
[EventRounds "9"]
[EventCountry "BUL"]

1. e4 c6 2. d4 d5 3. Nc3 e6 4. a3 f5 5. exf5 exf5 6. Bd3 Nf6 7. Bg5 Be7 8. Bxf6
Bxf6 9. Nf3 O-O 10. O-O Be7 11. Re1 Bd6 12. Nb1 Nd7 13. c4 dxc4 14. Bxc4+ Kh8
15. Nc3 Nb6 16. Ba2 Bd7 17. Ne5 Be8 18. Qf3 Qh4 19. g3 Qh6 20. Ne2 Bh5 21. Qc3
g5 22. f4 Qg7 23. fxg5 Bxe2 24. Rxe2 f4 25. Rf1 fxg3 26. Qxg3 Rxf1+ 27. Kxf1
Rf8+ 28. Rf2 c5 29. Rxf8+ Qxf8+ 30. Kg2 Qf5 31. g6 Bxe5 32. Qxe5+ Qxe5 33. dxe5
hxg6 34. Kf3 Kg7 35. Ke4 Kf8 36. Bd5 Na4 37. Bxb7 Nxb2 38. Ba6 Ke7 39. Kd5 Na4
40. Bc4 g5 41. Bb3 Nc3+ 42. Kxc5 Ne4+ 43. Kd4 Nf2 44. Bc4 Ng4 45. h3 Nf2 46.
Bf1 Ke6 47. Be2 Ke7 48. Bg4 Nh1 49. a4 a5 50. Kc5 Nf2 51. Bf5 Nd1 52. Kb5 Ne3
53. Bg4 Kd8 54. e6 1-0

[Event "Plovdiv BUL, 34th Tringov Mem"]
[Site "Plovdiv BUL"]
[Date "2012.02.04"]
[Round "8.10"]
[White "Bruno, Fabio"]
[Black "Lilov, Valeri"]
[Result "0-1"]
[WhiteElo "2439"]
[BlackElo "2411"]
[PlyCount "58"]
[EventDate "2012.01.29"]
[EventType "swiss"]
[EventRounds "9"]
[EventCountry "BUL"]

1. d4 d5 2. Nf3 Nf6 3. e3 e6 4. Bd3 b6 5. Nbd2 Bb7 6. O-O Bd6 7. Ne5 O-O 8. f4
Ne4 9. Bxe4 dxe4 10. b3 f6 11. Nec4 Be7 12. a4 c5 13. Bb2 Qd5 14. Rf2 Nc6 15.
c3 Rac8 16. Qb1 f5 17. Qe1 Rfd8 18. Qe2 Bf6 19. Nf1 Ne7 20. Ba3 Ba6 21. Nfd2
Qb7 22. Rc1 Nd5 23. Bb2 cxd4 24. exd4 e3 25. Rf3 exd2 26. Qxe6+ Qf7 27. Qxf7+
Kxf7 28. Nxd2 Re8 29. Rf2 Bxd4 0-1

[Event "Plovdiv BUL, 34th Tringov Mem"]
[Site "Plovdiv BUL"]
[Date "2012.02.04"]
[Round "8.11"]
[White "Radulski, Julian"]
[Black "Filev, Georgi"]
[Result "0-1"]
[WhiteElo "2570"]
[BlackElo "2349"]
[PlyCount "110"]
[EventDate "2012.01.29"]
[EventType "swiss"]
[EventRounds "9"]
[EventCountry "BUL"]

1. e4 c5 2. Nf3 e6 3. Nc3 a6 4. d4 cxd4 5. Nxd4 Qc7 6. g3 Bb4 7. Bd2 Nf6 8. Bg2
Nc6 9. Nb3 Be7 10. O-O d6 11. f4 b5 12. a3 Bb7 13. Qe2 O-O 14. g4 d5 15. e5 Nd7
16. Rf3 Nb6 17. Rh3 Nc4 18. g5 g6 19. Nd1 a5 20. c3 Qb6+ 21. Be3 Nxe3 22. Qxe3
Qxe3+ 23. Nxe3 a4 24. Nd2 Na5 25. Ng4 Kg7 26. Rd1 Rab8 27. Nf6 Rh8 28. Nf3 h5
29. Bf1 Nc4 30. Bxc4 bxc4 31. Kf1 Ba8 32. Rd2 Rb7 33. f5 exf5 34. Nxd5 Bc5 35.
Rh4 Rd7 36. Nf4 Re7 37. Nd5 Rd7 38. Nf4 Re7 39. Ke2 Rb8 40. e6 Rb6 41. Ne5
Rbxe6 42. Nxe6+ Rxe6 43. Rxc4 Rxe5+ 44. Kf1 Bc6 45. Rh4 f4 46. c4 Be3 47. Rd6
Be4 48. Rh3 Rxg5 49. Rxe3 fxe3 50. Ke2 Rg2+ 51. Kxe3 f5 52. h4 Rxb2 53. Kf4 Rc2
54. Rd7+ Kf6 55. Rd6+ Kf7 0-1

[Event "Plovdiv BUL, 34th Tringov Mem"]
[Site "Plovdiv BUL"]
[Date "2012.02.04"]
[Round "8.12"]
[White "Pantev, Veselin"]
[Black "Petkov, Vladimir"]
[Result "1/2-1/2"]
[WhiteElo "2389"]
[BlackElo "2519"]
[PlyCount "102"]
[EventDate "2012.01.29"]
[EventType "swiss"]
[EventRounds "9"]
[EventCountry "BUL"]

1. d4 Nf6 2. Nf3 e6 3. g3 b5 4. Bg2 Bb7 5. O-O c5 6. Na3 a6 7. c4 Qb6 8. cxb5
axb5 9. Qb3 Bc6 10. Be3 Na6 11. Rac1 Ng4 12. h3 Nxe3 13. Qxe3 c4 14. Nc2 Nc7
15. a3 Qb7 16. Qg5 h6 17. Qg4 Nd5 18. Ne5 Nf6 19. Bxc6 Qxc6 20. Nxc6 Nxg4 21.
N6b4 Nf6 22. Rfe1 d5 23. f3 Bd6 24. Kf2 Nh5 25. Rg1 f5 26. e3 Nf6 27. g4 g5 28.
Rce1 Kd7 29. Na2 fxg4 30. hxg4 Raf8 31. Ke2 h5 32. gxh5 Rxh5 33. Rg2 Ne8 34.
Nc3 Kc6 35. e4 Rh3 36. Rf1 Be7 37. Nb4+ Bxb4 38. axb4 Nd6 39. Rff2 dxe4 40.
fxe4 Rxf2+ 41. Rxf2 g4 42. Rg2 Kd7 43. Rxg4 Rh2+ 44. Ke3 Rxb2 45. Rg7+ Ke8 46.
Kf4 Rb3 47. Ke5 Nf7+ 48. Kxe6 Nd8+ 49. Kd6 Nf7+ 50. Ke6 Nd8+ 51. Kd6 Nf7+
1/2-1/2

[Event "Plovdiv BUL, 34th Tringov Mem"]
[Site "Plovdiv BUL"]
[Date "2012.02.04"]
[Round "8.13"]
[White "Piscopo, Pierluigi"]
[Black "Miljkovic, Miroslav D"]
[Result "1/2-1/2"]
[WhiteElo "2386"]
[BlackElo "2491"]
[PlyCount "49"]
[EventDate "2012.01.29"]
[EventType "swiss"]
[EventRounds "9"]
[EventCountry "BUL"]

1. e4 c5 2. Nf3 e6 3. d4 cxd4 4. Nxd4 a6 5. Bd3 Nf6 6. O-O e5 7. Bg5 h6 8. Bxf6
Qxf6 9. Nf5 g6 10. Ne3 Nc6 11. Nc3 Bc5 12. Ncd5 Qd8 13. Qd2 d6 14. b4 Ba7 15.
a4 Be6 16. Kh1 O-O 17. Nf5 Bxd5 18. Qxh6 Qf6 19. exd5 Nxb4 20. Be4 Nxd5 21.
Bxd5 Qxf5 22. Ra3 Qh5 23. Qd2 e4 24. Rh3 Qe5 25. Qh6 1/2-1/2

[Event "Plovdiv BUL, 34th Tringov Mem"]
[Site "Plovdiv BUL"]
[Date "2012.02.04"]
[Round "8.14"]
[White "Smith, Bryan G"]
[Black "Hadzimanolis, Antonios"]
[Result "1/2-1/2"]
[WhiteElo "2460"]
[BlackElo "2332"]
[PlyCount "61"]
[EventDate "2012.01.29"]
[EventType "swiss"]
[EventRounds "9"]
[EventCountry "BUL"]

1. e4 e5 2. Nc3 Nf6 3. g3 d5 4. exd5 Nxd5 5. Bg2 Nxc3 6. bxc3 Bd6 7. Nf3 O-O 8.
O-O c6 9. d4 Nd7 10. Re1 Qc7 11. Nd2 exd4 12. Nc4 Nf6 13. Nxd6 Qxd6 14. Bf4 Qd8
15. cxd4 Bg4 16. Qd3 Qd7 17. c4 Rad8 18. Be5 Ne8 19. d5 b5 20. Bb2 bxc4 21. Qc3
Nf6 22. dxc6 Qd3 23. Qa5 Qf5 24. Qxf5 Bxf5 25. Rac1 Be6 26. Ba3 Rfe8 27. c7 Rd7
28. Rxe6 Rxc7 29. Rxe8+ Nxe8 30. Rb1 Rc8 31. Bb7 {...} 1/2-1/2

[Event "Plovdiv BUL, 34th Tringov Mem"]
[Site "Plovdiv BUL"]
[Date "2012.02.04"]
[Round "8.15"]
[White "Radulov, Ivan"]
[Black "Bratanov, Zsivko"]
[Result "0-1"]
[WhiteElo "2308"]
[BlackElo "2459"]
[PlyCount "166"]
[EventDate "2012.01.29"]
[EventType "swiss"]
[EventRounds "9"]
[EventCountry "BUL"]

1. e4 g6 2. d4 Bg7 3. Nf3 d6 4. Nc3 a6 5. a4 e6 6. Bd3 Ne7 7. h4 h6 8. Ne2 Nd7
9. c3 b6 10. c4 c5 11. d5 Nf6 12. Ra3 exd5 13. cxd5 Rb8 14. Bd2 O-O 15. b4 Ng4
16. bxc5 bxc5 17. h5 g5 18. Ng3 f5 19. exf5 Nxf5 20. Nxf5 Bxf5 21. O-O Bxd3 22.
Rxd3 Qd7 23. Bc3 Bxc3 24. Rxc3 Rb4 25. Re1 Qf5 26. Qe2 Rb1 27. Rcc1 Rxc1 28.
Rxc1 Nf6 29. Qxa6 Qxd5 30. Qe2 g4 31. Nh2 g3 32. fxg3 Qd4+ 33. Qf2 Qxf2+ 34.
Kxf2 Ng4+ 35. Kg1 Nxh2 36. Kxh2 Rc8 37. g4 Kf7 38. Kg3 Ke6 39. Re1+ Kd5 40. g5
hxg5 41. Kg4 c4 42. h6 c3 43. h7 Rh8 44. Rh1 Kc4 45. Kxg5 d5 46. Kf6 d4 47. Kg7
Rxh7+ 48. Kxh7 c2 49. a5 Kb5 50. Ra1 Ka6 51. g4 d3 52. Rc1 d2 53. Rxc2 d1=Q 54.
Rc6+ Kxa5 55. Rg6 Kb5 56. g5 Qh5+ 57. Kg7 Kc5 58. Kf6 Qf3+ 59. Ke6 Qe4+ 60. Kf6
Qf4+ 61. Ke6 Kc6 62. Ke7+ Kc7 63. Rg7 Qe5+ 64. Kf7 Kd7 65. Kg6+ Ke6 66. Rf7
Qe4+ 67. Kg7 Qd4+ 68. Kg6 Qh4 69. Rf6+ Ke7 70. Rf7+ Ke8 71. Rf6 Qg4 72. Kh6 Ke7
73. Kg6 Qc4 74. Kh7 Qd5 75. Kg6 Qa8 76. Kh6 Qh8+ 77. Kg6 Kd7 78. Rf7+ Ke6 79.
Rf6+ Ke5 80. Rf5+ Ke4 81. Rf6 Qg8+ 82. Kh5 Ke5 83. Kh6 Ke4 0-1

[Event "Plovdiv BUL, 34th Tringov Mem"]
[Site "Plovdiv BUL"]
[Date "2012.02.04"]
[Round "8.16"]
[White "Nenkov, Ljudmil"]
[Black "Arsovic, Zoran"]
[Result "1/2-1/2"]
[WhiteElo "2297"]
[BlackElo "2441"]
[PlyCount "33"]
[EventDate "2012.01.29"]
[EventType "swiss"]
[EventRounds "9"]
[EventCountry "BUL"]

1. Nf3 Nf6 2. g3 c5 3. Bg2 Nc6 4. O-O d6 5. d4 cxd4 6. Nxd4 Bd7 7. c4 g6 8. b3
Bg7 9. Bb2 h5 10. h4 O-O 11. Nd2 Nxd4 12. Bxd4 Bc6 13. Qc2 Bxg2 14. Kxg2 Qd7
15. Rad1 b5 16. Qd3 Qb7+ 17. Qf3 {...60.} 1/2-1/2

[Event "Plovdiv BUL, 34th Tringov Mem"]
[Site "Plovdiv BUL"]
[Date "2012.02.04"]
[Round "8.17"]
[White "Medancic, Rikard"]
[Black "Milchev, Nikolay"]
[Result "0-1"]
[WhiteElo "2269"]
[BlackElo "2434"]
[PlyCount "88"]
[EventDate "2012.01.29"]
[EventType "swiss"]
[EventRounds "9"]
[EventCountry "BUL"]

1. d4 d5 2. c4 c6 3. cxd5 cxd5 4. Nf3 Nc6 5. Nc3 Nf6 6. Bf4 Qb6 7. Na4 Qb4+ 8.
Bd2 Qd6 9. e3 g6 10. Be2 Bg7 11. O-O O-O 12. Qb3 Ne4 13. Be1 b6 14. Nc3 Na5 15.
Qd1 Bb7 16. Rc1 a6 17. Nxe4 dxe4 18. Nd2 Bd5 19. Qc2 Qe6 20. b3 Qf5 21. Nc4 Nc6
22. Qd1 Rab8 23. f4 exf3 24. Bxf3 b5 25. Bxd5 Qxd5 26. Na5 Nxa5 27. Bxa5 Bh6
28. Qd3 Rbc8 29. Bc7 Qb7 30. Be5 Rfd8 31. Kf2 Qd5 32. Qe2 Bg7 33. Bxg7 Kxg7 34.
Qf3 Qxf3+ 35. Kxf3 Kf6 36. Rc5 Rxc5 37. dxc5 b4 38. Rc1 Ke6 39. Rc4 a5 40. a3
bxa3 41. Ra4 Rb8 42. Rxa3 Rb5 43. Ra1 Rxc5 44. h4 Rb5 {...} 0-1

[Event "Plovdiv BUL, 34th Tringov Mem"]
[Site "Plovdiv BUL"]
[Date "2012.02.04"]
[Round "8.18"]
[White "Ristic, Nenad"]
[Black "Yordanov, Nikolay Plamenov"]
[Result "1/2-1/2"]
[WhiteElo "2427"]
[BlackElo "2290"]
[PlyCount "111"]
[EventDate "2012.01.29"]
[EventType "swiss"]
[EventRounds "9"]
[EventCountry "BUL"]

1. e4 c5 2. Nf3 Nc6 3. Bb5 e6 4. O-O Nge7 5. Re1 a6 6. Bxc6 Nxc6 7. d4 cxd4 8.
Nxd4 d6 9. Nc3 Be7 10. Nxc6 bxc6 11. Qg4 Kf8 12. b3 e5 13. Qe2 Be6 14. Ba3 Qa5
15. Na4 h5 16. Rad1 Rd8 17. c4 c5 18. Bb2 g5 19. Bc3 Qc7 20. Qd2 Qc6 21. Ba5
Rb8 22. Nc3 Kg7 23. Qe3 g4 24. Nd5 Bxd5 25. Rxd5 Qc8 26. Red1 Rh6 27. f4 gxf3
28. Qxf3 h4 29. Rf1 Rf6 30. Qh5 Rxf1+ 31. Kxf1 Qe6 32. Qf3 Rh8 33. Rd2 Rh6 34.
Rf2 Rf6 35. Qh5 Rxf2+ 36. Kxf2 Qf6+ 37. Qf3 Qg5 38. Qe3 Qg4 39. Bd2 Qd1 40. Qe2
Qb1 41. h3 f5 42. exf5 Qxf5+ 43. Qf3 Qc2 44. Qg4+ Kf7 45. Qh5+ Ke6 46. Qg4+ Kf7
47. Qf3+ Ke8 48. Qc6+ Kf7 49. Qd5+ Ke8 50. Qc6+ Kf7 51. Qf3+ Ke8 52. Qc6+ Kf7
53. Qd7 Kf8 54. Qc6 Kf7 55. Qf3+ Ke8 56. Qc6+ 1/2-1/2

[Event "Plovdiv BUL, 34th Tringov Mem"]
[Site "Plovdiv BUL"]
[Date "2012.02.04"]
[Round "8.19"]
[White "Indjic, Aleksandar"]
[Black "Dobrev, Nayden"]
[Result "1-0"]
[WhiteElo "2427"]
[BlackElo "2256"]
[PlyCount "119"]
[EventDate "2012.01.29"]
[EventType "swiss"]
[EventRounds "9"]
[EventCountry "BUL"]

1. d4 Nf6 2. c4 d6 3. Nc3 e5 4. g3 Nc6 5. d5 Ne7 6. Bg2 g6 7. e4 Bg7 8. Nge2
O-O 9. O-O Nd7 10. Be3 f5 11. Qd2 Nf6 12. f3 h5 13. Bg5 Nh7 14. Bh6 Bxh6 15.
Qxh6 g5 16. f4 g4 17. fxe5 dxe5 18. exf5 Bxf5 19. Qe3 Ng6 20. Ne4 Kg7 21. N2c3
Qe7 22. c5 Rae8 23. d6 Qd7 24. dxc7 Bxe4 25. Bxe4 Qxc7 26. Nb5 Qd8 27. Bxg6
Kxg6 28. Nd6 Ng5 29. h4 Nf3+ 30. Kg2 Re6 31. Qe4+ Kh6 32. Rad1 Qf6 33. Qe3+ Kg6
34. Ne4 Qf5 35. Rf2 b6 36. b4 bxc5 37. bxc5 Ra6 38. Kh1 Re6 39. a3 a5 40. a4
Rb8 41. Kg2 Rc6 42. Nd6 Rxd6 43. Rxd6+ Kf7 44. c6 Rb1 45. Qa7+ Ke8 46. Qd7+
Qxd7 47. cxd7+ Kd8 48. Re2 Rb8 49. Kf2 Ke7 50. d8=Q+ Rxd8 51. Rxd8 Kxd8 52. Rc2
Kd7 53. Rc5 Ke6 54. Rxa5 Kf5 55. Ke3 Nd4 56. Rc5 Nb3 57. Rc6 Na5 58. Rh6 Nc4+
59. Ke2 Ke4 60. Rxh5 1-0

[Event "Plovdiv BUL, 34th Tringov Mem"]
[Site "Plovdiv BUL"]
[Date "2012.02.04"]
[Round "8.21"]
[White "Arsovic, Goran"]
[Black "Todorov, Momchil"]
[Result "1/2-1/2"]
[WhiteElo "2422"]
[BlackElo "2226"]
[PlyCount "101"]
[EventDate "2012.01.29"]
[EventType "swiss"]
[EventRounds "9"]
[EventCountry "BUL"]

1. d4 Nf6 2. Nf3 g6 3. c4 Bg7 4. g3 d5 5. cxd5 Nxd5 6. Bg2 Nb6 7. O-O Nc6 8. e3
O-O 9. Nc3 Re8 10. Re1 a5 11. Qe2 Be6 12. Nd2 Nb4 13. Rd1 c6 14. a3 N4d5 15.
Nce4 Bf5 16. Nc5 Bc2 17. Re1 e5 18. Nf3 Bf5 19. Nxe5 Bxe5 20. dxe5 Rxe5 21. e4
Nf6 22. Nxb7 Qe7 23. Bf4 Re6 24. Nd6 Nbd5 25. Nxf5 gxf5 26. Bg5 fxe4 27. Rac1
Rb8 28. Rc4 Qb7 29. Bc1 Qb3 30. Bh3 Rd6 31. Qc2 Qb6 32. Bf5 Re8 33. Be3 Nxe3
34. Rxe3 Red8 35. Re2 e3 36. fxe3 Rd1+ 37. Kg2 c5 38. Be4 Nxe4 39. Qxe4 Qf6 40.
Qg4+ Kf8 41. Qf4 Qc6+ 42. Qe4 Qxe4+ 43. Rxe4 R8d2 44. Kf2 Rxe2+ 45. Kxe2 Rb1
46. Ra4 Rxb2+ 47. Kf3 Rxh2 48. Rxa5 c4 49. Ke4 Rd2 50. Rc5 Ra2 51. Rxc4 1/2-1/2

[Event "Plovdiv BUL, 34th Tringov Mem"]
[Site "Plovdiv BUL"]
[Date "2012.02.04"]
[Round "8.22"]
[White "Todorovic, Goran N"]
[Black "Georgiev, Steljan"]
[Result "1-0"]
[WhiteElo "2397"]
[BlackElo "2124"]
[PlyCount "63"]
[EventDate "2012.01.29"]
[EventType "swiss"]
[EventRounds "9"]
[EventCountry "BUL"]

1. d4 Nf6 2. Nf3 d6 3. c4 Nbd7 4. Nc3 e5 5. Bg5 Be7 6. e3 c6 7. Qc2 O-O 8. Be2
Re8 9. O-O Qc7 10. h3 Bd8 11. Bh4 Qb8 12. Rfc1 a6 13. b4 b6 14. Rab1 Qa7 15. c5
bxc5 16. bxc5 e4 17. Nd2 d5 18. Bg3 a5 19. Qa4 Re6 20. Bd6 Nb8 21. Rb2 Bc7 22.
Qa3 Ba6 23. Rcb1 Bxd6 24. cxd6 Nbd7 25. Nb3 Bxe2 26. Nxe2 Ree8 27. Nc5 Reb8 28.
Nc3 Nb6 29. Qb3 Nfd7 30. Nxd7 Nxd7 31. Qa4 Qa6 32. Nxd5 1-0

[Event "Plovdiv BUL, 34th Tringov Mem"]
[Site "Plovdiv BUL"]
[Date "2012.02.04"]
[Round "8.23"]
[White "Livaja, Mario"]
[Black "Mrdja, Milan"]
[Result "1/2-1/2"]
[WhiteElo "2234"]
[BlackElo "2389"]
[PlyCount "98"]
[EventDate "2012.01.29"]
[EventType "swiss"]
[EventRounds "9"]
[EventCountry "BUL"]

1. d4 g6 2. Nf3 Bg7 3. g3 Nf6 4. Bg2 O-O 5. O-O d6 6. c4 Nc6 7. Nc3 a6 8. e4
Bg4 9. Be3 Nd7 10. Qd2 Bxf3 11. Bxf3 e5 12. d5 Nd4 13. Bg2 c5 14. dxc6 bxc6 15.
Rfd1 Rb8 16. Ne2 c5 17. Nc3 Kh8 18. Nd5 Nb6 19. b3 Nxd5 20. cxd5 a5 21. Bxd4
exd4 22. Bf1 f5 23. exf5 Rxf5 24. Bd3 Re5 25. Re1 Qc7 26. Re2 a4 27. Rb1 axb3
28. axb3 Qf7 29. Bc4 Rxe2 30. Qxe2 Re8 31. Qd2 Qe7 32. Rd1 Bf6 33. Qd3 Kg7 34.
Kf1 Qd7 35. Kg2 Re7 36. Rd2 Re5 37. Re2 Qe7 38. Qf3 Qd7 39. Re4 Qe7 40. Re2 Qd7
41. Re4 Qe7 42. Re2 Qc7 43. Re4 Qb8 44. Qd3 Qb4 45. Qe2 Qc3 46. Rxe5 Bxe5 47.
h4 Qa5 48. Qg4 Qc7 49. h5 Qf7 1/2-1/2

[Event "Plovdiv BUL, 34th Tringov Mem"]
[Site "Plovdiv BUL"]
[Date "2012.02.05"]
[Round "9.1"]
[White "Tadic, Branko"]
[Black "Georgiev, Kiril"]
[Result "1/2-1/2"]
[WhiteElo "2487"]
[BlackElo "2658"]
[PlyCount "28"]
[EventDate "2012.01.29"]
[EventType "swiss"]
[EventRounds "9"]
[EventCountry "BUL"]

1. Nf3 Nf6 2. g3 d5 3. Bg2 c6 4. O-O Bg4 5. d4 e6 6. Nbd2 Be7 7. Re1 O-O 8. e4
Bh5 9. c3 Re8 10. Qb3 Qb6 11. h3 Nxe4 12. Nxe4 dxe4 13. Rxe4 Nd7 14. Re1 Bxf3
1/2-1/2

[Event "Plovdiv BUL, 34th Tringov Mem"]
[Site "Plovdiv BUL"]
[Date "2012.02.05"]
[Round "9.2"]
[White "Cheparinov, Ivan"]
[Black "Drenchev, Petar"]
[Result "1-0"]
[WhiteElo "2659"]
[BlackElo "2493"]
[PlyCount "61"]
[EventDate "2012.01.29"]
[EventType "swiss"]
[EventRounds "9"]
[EventCountry "BUL"]

1. d4 Nf6 2. c4 e6 3. Nf3 b6 4. g3 Ba6 5. Qc2 c5 6. d5 exd5 7. cxd5 Bb7 8. Bg2
Nxd5 9. O-O Be7 10. Rd1 Nc6 11. Qa4 Nf6 12. e4 O-O 13. e5 Ne8 14. Nc3 Nc7 15.
Be3 f5 16. exf6 Bxf6 17. Rd6 Be7 18. Rd2 d5 19. Bf4 d4 20. Nxd4 Nxd4 21. Bxb7
Bg5 22. Qc4+ Kh8 23. Bxg5 Qxg5 24. Rxd4 cxd4 25. Ne4 Qe5 26. Rc1 Rad8 27. Qxc7
Qxc7 28. Rxc7 d3 29. Nd2 Rfe8 30. Be4 Rc8 31. Rd7 1-0

[Event "Plovdiv BUL, 34th Tringov Mem"]
[Site "Plovdiv BUL"]
[Date "2012.02.05"]
[Round "9.3"]
[White "Lilov, Valeri"]
[Black "Petrov, Marijan"]
[Result "1/2-1/2"]
[WhiteElo "2411"]
[BlackElo "2521"]
[PlyCount "30"]
[EventDate "2012.01.29"]
[EventType "swiss"]
[EventRounds "9"]
[EventCountry "BUL"]

1. c4 g6 2. Nc3 Bg7 3. g3 Nf6 4. Bg2 O-O 5. d3 e5 6. e4 c6 7. Nge2 a6 8. O-O d6
9. h3 b5 10. f4 exf4 11. gxf4 Nh5 12. Be3 Bb7 13. a3 Nd7 14. Rc1 Re8 15. Qd2
Qe7 1/2-1/2

[Event "Plovdiv BUL, 34th Tringov Mem"]
[Site "Plovdiv BUL"]
[Date "2012.02.05"]
[Round "9.7"]
[White "Nikolov, Momchil"]
[Black "Todorovic, Goran N"]
[Result "1/2-1/2"]
[WhiteElo "2560"]
[BlackElo "2397"]
[PlyCount "83"]
[EventDate "2012.01.29"]
[EventType "swiss"]
[EventRounds "9"]
[EventCountry "BUL"]

1. d4 Nf6 2. c4 e6 3. Nc3 Bb4 4. Qc2 O-O 5. a3 Bxc3+ 6. Qxc3 b6 7. Bg5 Bb7 8.
Nf3 d6 9. Nd2 Nbd7 10. f3 c5 11. e4 Qc7 12. d5 h6 13. Bh4 Rfe8 14. O-O-O b5 15.
dxe6 fxe6 16. cxb5 d5 17. exd5 exd5 18. g4 d4 19. Qb3+ Kh8 20. g5 hxg5 21. Bxg5
Nd5 22. Rg1 N7b6 23. Nc4 Nxc4 24. Bxc4 Ne3 25. Rg3 Bc8 26. Bxe3 Rxe3 27. Qxe3
dxe3 28. Rd5 g6 29. Rxg6 Qxh2 30. Rgg5 e2 31. Rh5+ Kg7 32. Rxh2 e1=Q+ 33. Kc2
Qg1 34. Rhh5 Qf2+ 35. Kb1 Qe1+ 36. Ka2 Be6 37. Rxc5 Bxc4+ 38. Rxc4 Rd8 39. Rg4+
Kf6 40. Rh6+ Kf7 41. Rh7+ Kf6 42. Rh6+ 1/2-1/2